LEADER 00976nam 2200361 450 001 990003384240203316 005 20100401131825.0 010 $a88-86203-06-3 035 $a000338424 035 $aUSA01000338424 035 $a(ALEPH)000338424USA01 035 $a000338424 100 $a20100401d1994----km-y0itay50------ba 101 $aita 102 $aIT 105 $a||||||||001yy 200 1 $a<> sangue intorno al cuore$fSarah Menefee 210 $aSalerno$cMultimedia$d1994 215 $a79 p.$d22 cm 225 2 $aAltre Americhe 410 0$12001$aAltre Americhe 454 0$12001$a<> blood about the heart$947356 606 0 $2BNCF 676 $a813.54 700 1$aMENEFEE,$bSarah$0607321 801 0$aIT$bsalbc$gISBD 912 $a990003384240203316 951 $aaaa$b1056 L.G.$caaa$d00257064 959 $aBK 969 $aUMA 979 $aALESSANDRA$b90$c20100401$lUSA01$h1318 996 $aBlood about the heart$947356 997 $aUNISA LEADER 01016nam0-2200313---450- 001 990008246110403321 005 20051215123114.0 035 $a000824611 035 $aFED01000824611 035 $a(Aleph)000824611FED01 035 $a000824611 100 $a20051215d2003----km-y0itay50------ba 101 0 $aita 102 $aIT 105 $ay---n----00yy 200 1 $aCurare ed essere curati$euna opportunita, un diritto$eatti del convegno Milano, 17 gennaio 2003 210 $a[S.l$cs.n.]$d2003 215 $a139 p.$d24 cm 300 $aSul front. : Presidenza del Consiglio dei Ministri, Commissione nazionale per la parita e le pari opportunita tra uomo e donna 610 0 $aAssistenza sanitaria$aAspetti sociali$aCongressi$a2003 676 $a362.830945$v19$zita 676 $a362.1042$v21$zita 801 0$aIT$bUNINA$gRICA$2UNIMARC 901 $aBK 912 $a990008246110403321 952 $aGEN B 465$b13604$fFARBC 959 $aFARBC 996 $aCurare ed essere curati$9252937 997 $aUNINA LEADER 00879nam0-22002891i-450- 001 990005071730403321 005 19990530 035 $a000507173 035 $aFED01000507173 035 $a(Aleph)000507173FED01 035 $a000507173 100 $a19990530g19679999km-y0itay50------ba 101 0 $aita 105 $ay-------001yy 200 1 $aApologia, sive, Pro se de magia liber$fApulei$gwith introduction and commentary by H.E. Butler and A.S. Owen 210 $aHildesheim$cG. Olms$d1967. 215 $aLXVI, 208 p.$d21 cm 700 1$aApuleius$f<2. sec.>$0384745 702 1$aButler,$bHarold Edgeworth$f<1878-1951> 702 1$aOwen,$bA.S. 801 0$aIT$bUNINA$gRICA$2UNIMARC 901 $aBK 912 $a990005071730403321 952 $aVII B 90$bBibl. 41400$fFLFBC 959 $aFLFBC 996 $aApologia, sive, Pro se de magia liber$9531725 997 $aUNINA